The design of sample surveys / (Record no. 69700)
[ view plain ]
| 000 -LEADER | |
|---|---|
| fixed length control field | 00801nam a2200265 a 4500 |
| 001 - CONTROL NUMBER | |
| control field | 69700 |
| 003 - CONTROL NUMBER IDENTIFIER | |
| rucl marc code | BD-RjUL |
| 005 - DATE AND TIME OF LATEST TRANSACTION | |
| control field | 20211209081921.0 |
| 008 - FIXED-LENGTH DATA ELEMENTS--GENERAL INFORMATION | |
| fixed length control field | 170413s1972 nyu b 001 0 eng d |
| 020 ## - INTERNATIONAL STANDARD BOOK NUMBER | |
| International Standard Book Number | 0070511551 |
| 035 ## - SYSTEM CONTROL NUMBER | |
| System control number | (BD-RjUL)69912 |
| 040 ## - CATALOGING SOURCE | |
| Original cataloging agency | DLC |
| Transcribing agency | DLC |
| Modifying agency | BD-RjUL |
| Language of cataloging | eng |
| 041 ## - LANGUAGE CODE | |
| Language code of text/sound track or separate title | eng |
| 082 00 - DEWEY DECIMAL CLASSIFICATION NUMBER | |
| Edition number | 23 |
| Classification number | 001.433 |
| Author mark and year | RAD 1972 |
| 100 1# - MAIN ENTRY--PERSONAL NAME | |
| Personal name | Raj, Des. |
| 9 (RLIN) | 206453 |
| 245 14 - TITLE STATEMENT | |
| Title | The design of sample surveys / |
| Statement of responsibility, etc. | Des Raj. |
| 260 ## - PUBLICATION, DISTRIBUTION, ETC. (IMPRINT) | |
| Place of publication, distribution, etc. | New York : |
| Name of publisher, distributor, etc. | McGraw-Hill, |
| Date of publication, distribution, etc. | c1972. |
| 300 ## - PHYSICAL DESCRIPTION | |
| Pagination | xvii, 390 p. ; |
| Size | 24 cm. |
| 490 0# - SERIES STATEMENT | |
| Series statement | McGraw-Hill series in probability and statistics. |
| 504 ## - BIBLIOGRAPHY, ETC. NOTE | |
| Bibliography, etc | Includes bibliographies and indexes. |
| 650 #0 - SUBJECT ADDED ENTRY--TOPICAL TERM | |
| Topical term or geographic name as entry element | Sampling (Statistics). |
| 9 (RLIN) | 153382 |
| 830 ## - SERIES ADDED ENTRY--UNIFORM TITLE | |
| Uniform title | McGraw-Hill series in probability and statistics. |
| 942 ## - ADDED ENTRY ELEMENTS (KOHA) | |
| Source of classification or shelving scheme | Dewey Decimal Classification |
| Koha item type | Books |
| Lost status | Source of classification or shelving scheme | Damaged status | Not for loan | Collection code | Permanent Location | Current Location | Shelving location | Date acquired | Source of acquisition | Total Checkouts | Full call number | Date last seen | Copy number | Koha item type |
|---|---|---|---|---|---|---|---|---|---|---|---|---|---|---|
| Dewey Decimal Classification | Not For Loan | Non-fiction | Central Library, University of Rajshahi | Central Library, University of Rajshahi | Reading Room | 24/10/1973 | U.S. Gov. | 001.433 RAD 1972 | 13/04/2017 | C-1 | Books |